000 00563nam a22001817a 4500
005 20251108164119.0
008 250721s2000 xx 000 0 ara d
082 1 4 _a210.94/رسو
100 1 _aرسول، رسول محمد
245 1 0 _aالغرب و الإسلام :
_bأستدراج التعالي الغربي /
264 1 _aعمان :
_bدار أسامة للنشر و التوزيع،
_c2000.
300 _a112ص.
650 1 7 _aالإسلام
650 1 7 _aأوروبا
650 1 7 _aالثقافة الغربية
942 _2ddc
_cBK
999 _c3949
_d3949